000 00556nam a2200205Ia 4500
005 20250923150012.0
008 008 250917s9999 xx 000 0 eng d
037 _aTextual
040 _aDSWL
_beng
_cDSWL
041 _aeng
_2eng
084 _aX:97, N97
_qDSWL
100 _aRama, Swamy
_9841165
245 0 _aLabour management and society
_c by Swamy Rama
260 _aDelhi
_bUniversity Press
_c1997
300 _axii,267 p.
365 _aINR
_b395.00
925 _g395.00
942 _cTEXL
_hX:97, N97
999 _c1458364
_d1458364